|
|
|
|
| LEADER |
00945nam a2200265 a 4500 |
| 001 |
14777639 |
| 008 |
120325r20112007nyu 000 0 eng |
| 010 |
|
|
|a 2007272498
|
| 020 |
|
|
|a 9780070658455
|
| 020 |
|
|
|a 0072263865
|
| 020 |
|
|
|a 9780072263862
|
| 040 |
|
|
|a DLC
|c DLC
|d DLC
|d BD-DhAAL
|
| 050 |
0 |
0 |
|a TK5105.8885.S76
|b H65 2007
|
| 082 |
0 |
0 |
|a 006.7/8
|2 22
|
| 100 |
1 |
|
|a Holmes, James.
|
| 245 |
1 |
0 |
|a Struts :
|b the complete reference /
|c James Holmes.
|
| 250 |
|
|
|a 2nd ed.
|
| 260 |
|
|
|a New York ;
|a New Delhi :
|b Tata McGraw-Hill,
|c c2007 [reprinted 2011].
|
| 300 |
|
|
|a 528 p. ;
|c 24 cm.
|
| 541 |
|
|
|e 00024839
|
| 650 |
|
0 |
|a Struts framework.
|
| 700 |
1 |
|
|a Schildt, Herbert.
|
| 852 |
1 |
|
|a Ayesha Abed Library
|c General shelf.
|
| 999 |
|
|
|c 12028
|d 12028
|
| 952 |
|
|
|0 0
|1 0
|2 ddc
|4 0
|6 006_780000000000000_HOL
|7 0
|9 19808
|a BRACUL
|b BRACUL
|c GEN
|d 2012-03-24
|e Paragon Enterprises Ltd.
|g 943.00
|l 1
|m 4
|o 006.78 HOL
|p 3010024839
|r 2014-10-23
|s 2014-09-28
|t 1
|w 2012-03-27
|y BK
|